Entre líneas / (Record no. 1362)

MARC details
000 -LEADER
campo de control de longitud fija 01793nam a22002657a 4500
008 - DATOS DE LONGITUD FIJA--INFORMACIÓN GENERAL
campo de control de longitud fija 171115s2002 sp||||| |||| 00| 0 spa d
020 ## - NÚMERO INTERNACIONAL ESTÁNDAR DEL LIBRO
Número Internacional Estándar del Libro 849547154X
082 04 - NÚMERO DE LA CLASIFICACIÓN DECIMAL DEWEY
Número de clasificación 708
Número de ítem B443e
100 1# - ENTRADA PRINCIPAL--NOMBRE DE PERSONA
Nombre de persona Olmo, Santiago B.
9 (RLIN) 4483
245 10 - MENCIÓN DEL TÍTULO
Título Entre líneas /
Mención de responsabilidad, etc. curaduría por Santiago B. Olmo y Virginia Pérez-Ratton ; Caja Madrid Obra Social.
250 ## - MENCION DE EDICION
Mención de edición 1a edición.
260 ## - PUBLICACIÓN, DISTRIBUCIÓN, ETC.
Lugar de publicación, distribución, etc. Madrid, España :
Nombre del editor, distribuidor, etc. La Casa Encendida,
Fecha de publicación, distribución, etc. 2002.
300 ## - DESCRIPCIÓN FÍSICA
Extensión 192 páginas :
Otras características físicas ilustraciones en color.
500 ## - NOTA GENERAL
Nota general Catálogo publicado con motivo a la exposición "Entre Líneas", presentada del 10 de octubre de 2002 al 5 de enero de 2003, en La Casa Encendida.
500 ## - NOTA GENERAL
Nota general Artistas: Patricia Belli, Pablo Cardoso, Sandra Cinto, Mónica Girón, Deferico Guzmán, Javier Longobardo, Teresa Margolles, Óscar Muñoz, Nazareth Pacheco, José A. Restrepo, Dhara Rivera, Elena del Rivero, Joaquín Rodríguez del Paso, Ana Tiscornia, Baltazar Torres y Guillermo Tovar.
505 0# - NOTA DE CONTENIDO CON FORMATO
Título Entre líneas...aproximaciones a una exposición
Mención de responsabilidad Santiago B. Olmo y Virginia Pérez-Ratton.
Título Desde la intimidad y más allá, políticas a partis de las vidas y el arte de las mujeres
Mención de responsabilidad Rosina Cazali.
Título Ausencia/Evidencia
Mención de responsabilidad José Ignacio Roca.
Título Iconomía (apuntes)
Mención de responsabilidad José Alejandro Restrepo.
Título Zonas de tolerancia: Teresa Margolles, SEMEFO y más allá
Mención de responsabilidad Cuauhtémoc Medina
Título ¿Quién dijiste que eras hoy?
Mención de responsabilidad Jensa Hoffmann.
Título Culturas híbridas: extractos de una entrevista
Mención de responsabilidad Hans Ulrich Obrist entrevista a Néstor García Canclini.
Título Ana Tiscornia.
653 10 - TÉRMINO DE INDIZACIÓN--NO CONTROLADO
Término no controlado Arte contemporáneo
653 10 - TÉRMINO DE INDIZACIÓN--NO CONTROLADO
Término no controlado Catálogo de exhibición
653 10 - TÉRMINO DE INDIZACIÓN--NO CONTROLADO
Término no controlado Exhibiciones
653 10 - TÉRMINO DE INDIZACIÓN--NO CONTROLADO
Término no controlado Artistas latioamericanos
653 10 - TÉRMINO DE INDIZACIÓN--NO CONTROLADO
Término no controlado Artes plásticas
653 10 - TÉRMINO DE INDIZACIÓN--NO CONTROLADO
Término no controlado Arte - España
653 10 - TÉRMINO DE INDIZACIÓN--NO CONTROLADO
Término no controlado Artes visuales
700 1# - ENTRADA AGREGADA--NOMBRE PERSONAL
Nombre de persona Pérez-Ratton, Virginia.
Término indicativo de función/relación curadora.
9 (RLIN) 580
Holdings
Estatus retirado Estado de pérdida Fuente del sistema de clasificación o colocación Estado de daño No para préstamo Biblioteca de origen Biblioteca actual Ubicación en estantería Fecha de adquisición Total de préstamos Signatura topográfica completa Código de barras Visto por última vez Precio de reemplazo Tipo de ítem Koha
    Clasificación Decimal Dewey     Biblioteca LadoV Biblioteca LadoV   15/11/2017   708 O512e 001395 15/11/2017 15/11/2017 Material 01